Riconosci la Squadra di calcio - Quiz n°90 - Statistics

Statistiche generali
  • Questo quiz è stato fatto 12 volte
  • Il punteggio medio è 9 su 13
Statistiche sulle risposte
Indizio Risposta % Corretto
Titoli nazionali 1 campionato di Serie C
100%
Colori sociali Bianco, nero, giallo, blu
100%
Divisione nazionale 2023-2024 Seconda
73%
Fondazione 1913
64%
Scioglimento 1969
64%
Rifondazione 1970
64%
Rifondazione 2004
64%
Rifondazione 2015
64%
Capienza Stadio 22 352 posti
64%
Confederazione UEFA
64%
Trofei internazionali 1 Coppe delle Coppe
2 Coppe UEFA/Europa League
1 Supercoppe UEFA
55%
Trofei nazionali 3 Coppe Italia 1 Supercoppe italiane
55%
Squadra Parma
55%
Nessun quiz corrispondente trovato
Distribuzione punteggi
Percentuale di utenti per punteggio
Percentile per numero di risposta
I tuoi punteggi nel tempo
Non hai fatto questo quiz